00776nam a2200241 a 4500001000200000003000900002005001700011008003200028020001800060040002400078082002900102100002900131245006800160260003800228300002100266490001300287500001900300586004800319650003800367650003000405650002800435710007100463 DO-SdBNP20210716101248.0150112s2014 dr 000 0 spa d a9789945412956 aBPMSU bspacBPMSU  aRD861.44bL864s 20132221 aLópez Azuán, Virgilo10aSumer :bpoética de los números /cVirgilo López Azuán. aSanto Domingo :bFUNGLODE,c2014. a175 p. ;c23 cm.0 aPremios; aPremio único aPremio Funglode de poesía Pedro Mir, 2013 4aPoesía dominicanavColecciones  4aLiteratura dominicana x  4a Certamenes literarios 2 aFundación Global Democracia y Desarrolo (República Dominicana)